000 00523nam a2200193 a 4500
001 1754910598495
003 ACL
005 20250811164520.0
008 250811s2006##################000#0#eng##
020 _a9780195170832
082 0 4 _a974.004973092
_bBRO
100 1 _aOccom, Samson,
_eauthor.
245 1 0 _aThe Collected Writings of Samson Occom, Mohegan :
260 _bOxford University Press,
_c2006.
300 _a474 pages
650 0 _aBiography & Autobiography.
942 _cENGLISH
040 _aACL
_beng
_cACL
999 _c580236
_d580236